Miera a spôsoby verejného v architektúre (poznámky)

Bibliographic Details
Main Author: Bencová, Jarmila, 1949- (Author)
Format: Article
Language:Slovak
PhysicalDescription:Obr.
ISSN:1335-3268
Subjects:

MARC

LEADER 00000nab a2200000 ar4500
001 vtls010176720
003 SK-MaSNL
005 20260303210647.0
008 101008c2010 xo ||||||||||||00 b|slo
015 |a SNBRB2010/10  |2 snkbucl 
038 |a SNKBUCL 
040 |a SNKBUCL  |b slo  |c SNKBUCL  |e AACR2 
041 0 |a slo 
044 |a xo  |c SK 
080 |a 711.61  |2 2001 
080 |a 72.052.4  |2 2001 
100 1 |a Bencová, Jarmila,  |d 1949-  |4 aut  |9 236020 
245 1 0 |a Miera a spôsoby verejného v architektúre (poznámky)  |c Jarmila Bencová 
300 |b Obr. 
500 |a Poznámky 
650 0 7 |a verejné priestranstvá  |2 snkbucl  |9 102205 
650 0 7 |a voľné priestranstvá  |2 snkbucl  |9 1242678 
650 0 7 |a umenie  |2 snkbucl  |9 1060 
650 0 7 |a architektúra  |2 snkbucl  |9 722 
655 7 |a teórie  |2 snkbucl  |9 615608 
773 0 |t ARCH  |g Roč. 15, č. 9 (2010), s. 54-56  |x 1335-3268 
852 |a SNK  |b KIS3GCP 
999 |c 2201149  |d 2203079